<?xml version="1.0" encoding="UTF-8"?>
<record
    xmlns:xsi="http://www.w3.org/2001/XMLSchema-instance"
    xsi:schemaLocation="http://www.loc.gov/MARC21/slim http://www.loc.gov/standards/marcxml/schema/MARC21slim.xsd"
    xmlns="http://www.loc.gov/MARC21/slim">

  <leader>03251nam a2200577Ia 4500</leader>
  <controlfield tag="001">411</controlfield>
  <controlfield tag="008">241029s9999    xx            000 0 und d</controlfield>
  <datafield tag="010" ind1=" " ind2=" ">
    <subfield code="a">377</subfield>
  </datafield>
  <datafield tag="041" ind1=" " ind2=" ">
    <subfield code="a">Espa&#xF1;ol</subfield>
  </datafield>
  <datafield tag="082" ind1=" " ind2=" ">
    <subfield code="a">MEI 12-014      </subfield>
  </datafield>
  <datafield tag="245" ind1=" " ind2="0">
    <subfield code="a">Metodolog&#xED;a Aplicada por los Docentes de la Ense&#xF1;anza de la Lecto-Escritura en el Tercer Ciclo del Nivel Inicial a la Luz del Curr&#xED;culo Vigente de la Escuela Experimental Lu&#xED;s Napole&#xF3;n N&#xFA;&#xF1;ez Molina en Licey al Medio, Santiago, en el Periodo Escolar 2011-2012</subfield>
  </datafield>
  <datafield tag="260" ind1=" " ind2=" ">
    <subfield code="a">Santiago</subfield>
  </datafield>
  <datafield tag="300" ind1=" " ind2=" ">
    <subfield code="a">127</subfield>
  </datafield>
  <datafield tag="520" ind1=" " ind2=" ">
    <subfield code="a">5</subfield>
  </datafield>
  <datafield tag="630" ind1=" " ind2=" ">
    <subfield code="a">Percepci&#xF3;n Docente</subfield>
  </datafield>
  <datafield tag="630" ind1=" " ind2=" ">
    <subfield code="a">Programa de Intervenci&#xF3;n</subfield>
  </datafield>
  <datafield tag="630" ind1=" " ind2=" ">
    <subfield code="a">Propuesta Metodol&#xF3;gica</subfield>
  </datafield>
  <datafield tag="630" ind1=" " ind2=" ">
    <subfield code="a">Requerimientos Curriculares</subfield>
  </datafield>
  <datafield tag="630" ind1=" " ind2=" ">
    <subfield code="a">Trabajo Cooperativo</subfield>
  </datafield>
  <datafield tag="650" ind1=" " ind2=" ">
    <subfield code="a">Metodolog&#xED;a</subfield>
  </datafield>
  <datafield tag="690" ind1=" " ind2=" ">
    <subfield code="a">Elaborado</subfield>
  </datafield>
  <datafield tag="700" ind1=" " ind2=" ">
    <subfield code="e">asesor</subfield>
    <subfield code="a">Mena, Miriam</subfield>
  </datafield>
  <datafield tag="700" ind1=" " ind2=" ">
    <subfield code="e">autor</subfield>
    <subfield code="a">Trinidad, Mariceli</subfield>
  </datafield>
  <datafield tag="700" ind1=" " ind2=" ">
    <subfield code="e">autor</subfield>
    <subfield code="a">Henr&#xED;quez, Eneida </subfield>
  </datafield>
  <datafield tag="901" ind1=" " ind2=" ">
    <subfield code="a">{"1":"Trinidad","2":"Henr&#xED;quez"}</subfield>
    <subfield code="b">{"1":"Mariceli","2":"Eneida "}</subfield>
  </datafield>
  <datafield tag="902" ind1=" " ind2=" ">
    <subfield code="a">1</subfield>
  </datafield>
  <datafield tag="903" ind1=" " ind2=" ">
    <subfield code="a">{"1":"Mena"}</subfield>
    <subfield code="b">{"1":"Miriam"}</subfield>
  </datafield>
  <datafield tag="904" ind1=" " ind2=" ">
    <subfield code="a">Mag&#xED;ster en</subfield>
  </datafield>
  <datafield tag="905" ind1=" " ind2=" ">
    <subfield code="a">Ciencias de la Educaci&#xF3;n</subfield>
  </datafield>
  <datafield tag="906" ind1=" " ind2=" ">
    <subfield code="a">1</subfield>
  </datafield>
  <datafield tag="907" ind1=" " ind2=" ">
    <subfield code="a">Menci&#xF3;n en</subfield>
  </datafield>
  <datafield tag="908" ind1=" " ind2=" ">
    <subfield code="a">Educaci&#xF3;n Inicial</subfield>
  </datafield>
  <datafield tag="909" ind1=" " ind2=" ">
    <subfield code="a">Universidad Abierta para Adultos (UAPA), Recinto Santiago</subfield>
  </datafield>
  <datafield tag="910" ind1=" " ind2=" ">
    <subfield code="a">NULL</subfield>
    <subfield code="b">NULL</subfield>
  </datafield>
  <datafield tag="911" ind1=" " ind2=" ">
    <subfield code="a">["1"]</subfield>
  </datafield>
  <datafield tag="912" ind1=" " ind2=" ">
    <subfield code="a">NO APLICA</subfield>
  </datafield>
  <datafield tag="913" ind1=" " ind2=" ">
    <subfield code="a">NULL</subfield>
  </datafield>
  <datafield tag="914" ind1=" " ind2=" ">
    <subfield code="a">01 de Junio de 2012</subfield>
  </datafield>
  <datafield tag="915" ind1=" " ind2=" ">
    <subfield code="a">14/05/14 09:05</subfield>
  </datafield>
  <datafield tag="916" ind1=" " ind2=" ">
    <subfield code="a">NULL</subfield>
  </datafield>
  <datafield tag="917" ind1=" " ind2=" ">
    <subfield code="a">NULL</subfield>
  </datafield>
  <datafield tag="918" ind1=" " ind2=" ">
    <subfield code="a">NO APLICA</subfield>
  </datafield>
  <datafield tag="919" ind1=" " ind2=" ">
    <subfield code="a">["155","169","216","179","192"]</subfield>
  </datafield>
  <datafield tag="520" ind1=" " ind2=" ">
    <subfield code="a">El estudio plante&#xF3; como objetivo general, analizar &#xA0;la &#xA0;metodolog&#xED;a aplicada por los docentes de la ense&#xF1;anza de la lecto-escritura &#xA0;en el tercer ciclo del Nivel Inicial a la luz del curr&#xED;culo vigente de la Escuela &#xA0;Experimental Lu&#xED;s Napole&#xF3;n N&#xFA;&#xF1;ez Molina en Licey al Medio, Santiago en el Periodo Escolar 2011-2012La investigaci&#xF3;n fue descriptiva, bibliogr&#xE1;fica y de campo. Los m&#xE9;todos empleados fueron el deductivo y el inductivo, que permiti&#xF3; la facilitaci&#xF3;n de la elaboraci&#xF3;n de los objetivos y de la gu&#xED;a aplicada.Con relaci&#xF3;n al grado de capacitaci&#xF3;n de los docentes del nivel inicial, se evidenci&#xF3; que el 100% posee licenciatura en este nivel. As&#xED; mismo, los docentes consultados no cursan estudios de actualizaci&#xF3;n acad&#xE9;mica en la actualidad.Por otra parte, el 50% de los docentes no ha sido capacitado en el &#xE1;rea de la lecto-escritura. Los m&#xE9;todos aplicados por ellos, son el f&#xF3;nico y el mixto o integral. El 80% de los docentes identific&#xF3; como caracter&#xED;sticas &#xA0;del m&#xE9;todo alfab&#xE9;tico, la se&#xF1;alizaci&#xF3;n de vocales y la formaci&#xF3;n de s&#xED;labas. En cuanto a las actividades del m&#xE9;todo f&#xF3;nico, las docentes identificaron: la pronunciaci&#xF3;n de los sonidos de letras, la asociaci&#xF3;n de los sonidos con su escritura y prestar mayor atenci&#xF3;n a los sonidos.Finalmente, El 67% &#xA0;de &#xA0;los docentes desarrolla en &#xA0;clase la tarea de identificar y escribir vocales. En cuanto al m&#xE9;todo constructivista, b&#xE1;sicamente los docentes toman en cuenta, su expresi&#xF3;n, su vocabulario y la experiencia tienen los ni&#xF1;os.</subfield>
  </datafield>
  <datafield tag="921" ind1=" " ind2=" ">
    <subfield code="a">11</subfield>
  </datafield>
  <datafield tag="922" ind1=" " ind2=" ">
    <subfield code="a">11</subfield>
  </datafield>
  <datafield tag="923" ind1=" " ind2=" ">
    <subfield code="a">0</subfield>
  </datafield>
  <datafield tag="924" ind1=" " ind2=" ">
    <subfield code="a">NO APLICA</subfield>
  </datafield>
  <datafield tag="942" ind1=" " ind2=" ">
    <subfield code="c">Tesis</subfield>
  </datafield>
  <datafield tag="999" ind1=" " ind2=" ">
    <subfield code="c">377</subfield>
    <subfield code="d">377</subfield>
  </datafield>
</record>
